000 01431cad a22002415a 4500
001 E147554
008 090522s2009 xxkad f s 000 0 eng d
035 _a(Sirsi) u147554
041 0 _aeng
050 0 4 _a333.33 $2 18
110 2 _aRoyal Institution of Chartered Surveyors
_bEconomics
_95033
245 0 0 _aRICS global commercial property survey United Kingdom
_bQ1 2009
_h[electronic resource]
260 _aLondon
_bRICS
_c2009
490 0 _aRICS Global Commercial Property Survey United Kingdom
_vQ1 2009
520 _aReports that the pace of decline in capital values accelerated during Q1 2009, driven by steeper falls in prices across most emerging markets. Prices continued to decline across the developed economies although at a lesser pace with only North America seeing sharper falls. Indicates that tenant demand fell across all global regions, however the magnitude of the fall in aggregate has moderated. Also suggests that rents are falling across more than 90% of the countries surveyed with only Brazil, Saudi Arabia and parts of Africa yet to report declines.
521 _aAdvanced
590 _aKA
650 2 4 _aRICS GLOBAL COMMERCIAL PROPERTY SURVEY
651 4 _aInternational
690 _aPROPERTY-COMMERCIAL PROPERTY-COMMERCIAL PROPERTY MARKET
856 4 0 _uhttps://www.rics.org/site/download_feed.aspx?fileID=1688&fileExtension=PDF
_zView the survey free of charge at www.rics.org
942 _n0
999 _c109615
_d109615